000 00625nam a2200253 a 4500
001 nice12345678
003 IN_TiNIC
005 20260116012843.0
008 050524s1992 newa grp 000 0 eng
020 _a
_c125
082 0 0 _a305.6297
_bAHM
100 _aAhmed, Akbar S
245 _aPostmodernism and Islam
_b Predicament and Promise.
260 _aNew Delhi
_bPenguin Books
_c1992
300 _a294p
500 _aincludes index and biblioraphy
505 2 _aIndices
650 _aIslam-20th Century
650 _aMuslims
700 1 _aAhmed, Akbar S
902 _bSRS
942 _cBK
999 _c8649
_d8649